Nations in the 2020 Summer Olympics - Statistics

General Stats
  • This quiz has been taken 30 times
  • The average score is 179 of 205
Answer Stats
Hint Answer % Correct
Asia Afghanistan
100%
Oceania Australia
100%
Europe Austria
100%
America Bahamas
100%
America Bolivia
100%
America Brazil
100%
America Canada
100%
Africa Chad
100%
America Chile
100%
Asia China
100%
America Dominica
100%
America Dominican Republic
100%
America Ecuador
100%
Africa Egypt
100%
Africa Ethiopia
100%
Europe France
100%
Europe Germany
100%
America Guatemala
100%
America Haiti
100%
Europe Hungary
100%
Asia Iran
100%
Asia Iraq
100%
Europe Italy
100%
America Jamaica
100%
Asia Japan
100%
Africa Kenya
100%
Oceania New Zealand
100%
Africa Niger
100%
Europe Portugal
100%
Africa South Africa
100%
Europe Spain
100%
Europe Albania
92%
Africa Algeria
92%
Europe Andorra
92%
Africa Angola
92%
America Argentina
92%
Asia Bangladesh
92%
America Barbados
92%
Europe Belarus
92%
Europe Belgium
92%
America Belize
92%
Europe Bosnia and Herzegovina
92%
Africa Botswana
92%
Asia Brunei
92%
Europe Bulgaria
92%
Asia Chinese Taipei
92%
America Colombia
92%
America Costa Rica
92%
Europe Croatia
92%
Asia Cyprus
92%
Europe Czech Republic
92%
Africa Democratic Republic of the Congo
92%
Europe Denmark
92%
America El Salvador
92%
Africa Eritrea
92%
Europe Estonia
92%
Europe Finland
92%
Africa Ghana
92%
Europe Great Britain
92%
Europe Greece
92%
Europe Iceland
92%
Asia India
92%
Asia Indonesia
92%
Europe Ireland
92%
Asia Israel
92%
Asia Jordan
92%
Europe Kosovo
92%
Asia Kuwait
92%
Europe Latvia
92%
Asia Lebanon
92%
Africa Lesotho
92%
Africa Libya
92%
Europe Liechtenstein
92%
Europe Lithuania
92%
Europe Luxembourg
92%
Africa Madagascar
92%
Africa Malawi
92%
Asia Maldives
92%
Europe Malta
92%
America Mexico
92%
Europe Monaco
92%
Europe Montenegro
92%
Africa Morocco
92%
Africa Mozambique
92%
America Nicaragua
92%
Africa Nigeria
92%
Europe North Macedonia
92%
Europe Norway
92%
Oceania Papua New Guinea
92%
America Peru
92%
Asia Philippines
92%
Europe Poland
92%
Asia Qatar
92%
Europe ROC
92%
Europe Romania
92%
Africa Rwanda
92%
Europe San Marino
92%
Africa Senegal
92%
Europe Serbia
92%
Africa Seychelles
92%
Europe Slovakia
92%
Europe Slovenia
92%
Africa Sudan
92%
Europe Sweden
92%
Europe Switzerland
92%
Africa Tanzania
92%
Africa The Gambia
92%
Africa Togo
92%
Africa Tunisia
92%
Asia Turkey
92%
Africa Uganda
92%
America United States
92%
America Uruguay
92%
Asia Uzbekistan
92%
America Venezuela
92%
Asia Vietnam
92%
Asia Yemen
92%
Africa Zambia
92%
Africa Zimbabwe
92%
Oceania American Samoa
83%
Asia Armenia
83%
Asia Azerbaijan
83%
Asia Bahrain
83%
Africa Benin
83%
Asia Bhutan
83%
Africa Burkina Faso
83%
Africa Burundi
83%
Africa Cape Verde
83%
Africa Comoros
83%
America Cuba
83%
Africa Djibouti
83%
Africa Eswatini
83%
Oceania Fiji
83%
Africa Gabon
83%
Asia Georgia
83%
America Guyana
83%
America Honduras
83%
Asia Kazakhstan
83%
Oceania Kiribati
83%
Asia Kyrgyzstan
83%
Asia Laos
83%
Africa Liberia
83%
Africa Mali
83%
Africa Mauritania
83%
Africa Mauritius
83%
Asia Myanmar
83%
Africa Namibia
83%
Europe Netherlands
83%
Asia Oman
83%
America Panama
83%
America Paraguay
83%
Africa Republic of the Congo
83%
Oceania Samoa
83%
Africa São Tomé and Principe
83%
Asia Saudi Arabia
83%
Africa Somalia
83%
Asia South Korea
83%
Africa South Sudan
83%
America Suriname
83%
Asia Syria
83%
Asia Thailand
83%
Oceania Tonga
83%
Asia Turkmenistan
83%
Europe Ukraine
83%
Asia United Arab Emirates
83%
America Antigua and Barbuda
75%
America Aruba
75%
America Bermuda
75%
Asia Cambodia
75%
Africa Cameroon
75%
Africa Central African Republic
75%
Asia East Timor
75%
Africa Equatorial Guinea
75%
Oceania Federated States of Micronesia
75%
America Grenada
75%
Oceania Guam
75%
Africa Guinea
75%
Africa Guinea-Bissau
75%
Asia Hong Kong
75%
Africa Ivory Coast
75%
Oceania Marshall Islands
75%
Oceania Nauru
75%
Asia Nepal
75%
Oceania Palau
75%
America Puerto Rico
75%
America Saint Kitts and Nevis
75%
America Saint Lucia
75%
America Saint Vincent and the Grenadines
75%
Africa Sierra Leone
75%
Asia Singapore
75%
Oceania Solomon Islands
75%
Asia Sri Lanka
75%
Asia Tajikistan
75%
America Trinidad and Tobago
75%
Oceania Tuvalu
75%
Oceania Vanuatu
75%
America British Virgin Islands
67%
Europe Moldova
67%
Asia Pakistan
67%
America Virgin Islands
67%
America Cayman Islands
58%
Oceania Cook Islands
58%
Asia Malaysia
58%
Asia Palestine
58%
Asia Mongolia
50%
No matching quizzes found
Score Distribution
Percent of People with Each Score
Percentile by Number Answered
Your Score History
You have not taken this quiz